<?xml version="1.0" encoding="UTF-8"?>
<collection xmlns="http://www.loc.gov/MARC21/slim">
 <record>
  <leader>     na                 </leader>
  <controlfield tag="001">INLIS000000000000248</controlfield>
  <controlfield tag="005">20221109082146</controlfield>
  <datafield tag="035" ind1=" " ind2=" ">
   <subfield code="a">0010-0520000248</subfield>
  </datafield>
  <controlfield tag="008">221109                |          | ind  </controlfield>
  <datafield tag="020" ind1=" " ind2=" ">
   <subfield code="a">0000</subfield>
  </datafield>
  <datafield tag="041" ind1=" " ind2=" ">
   <subfield code="a">ind</subfield>
  </datafield>
  <datafield tag="082" ind1=" " ind2=" ">
   <subfield code="a">347.59</subfield>
  </datafield>
  <datafield tag="084" ind1=" " ind2=" ">
   <subfield code="a">347.59 BUN</subfield>
  </datafield>
  <datafield tag="100" ind1="0" ind2=" ">
   <subfield code="a">Bunga rampai Komisi Yudisial dan reformasi Peradilan</subfield>
  </datafield>
  <datafield tag="245" ind1="1" ind2=" ">
   <subfield code="a">Bunga rampai Komisi Yudisial dan reformasi Peradilan /</subfield>
   <subfield code="c">Komisi Yudisial RI</subfield>
  </datafield>
  <datafield tag="250" ind1=" " ind2=" ">
   <subfield code="a">cet. 2</subfield>
  </datafield>
  <datafield tag="260" ind1=" " ind2=" ">
   <subfield code="a">Jakarta :</subfield>
   <subfield code="b">Komisi Yudisial RI,</subfield>
   <subfield code="c">2009</subfield>
  </datafield>
  <datafield tag="300" ind1=" " ind2=" ">
   <subfield code="a">xvi, 309 hlm.; 21 cm ;</subfield>
   <subfield code="c">21 cm</subfield>
  </datafield>
  <datafield tag="520" ind1=" " ind2=" ">
   <subfield code="a">Bunga rampai ini merupakan hasil pemikiran para penulis dari berbagai latar belakang akademisi, tokoh agama dan masyarakat, anggota DPR, para pengamat dan aktivis NGO. Hal ini dimaksudkan untuk memperoleh pandangan mengenai gagasan dan langkah menuju bagaimana proses reformasi peradilan bisa segera dimulai dengan pemeranan elemen masyarakat madani, pengefektifan pengawasan yang lebih proporsional baik oleh Komisi Yudisial sebagai wujud amanat reformasi bersama-sama dengan seluruh elemen masyarakat madani. Komisi Yudisial berkepentingan akan lahirya putusan-putusan hakim yang berkeadaban, yang mencerminkan suara dan hakekat keadilan bagi terwujudnya perlindungan hukum terhadap para pencari keadilan tetapi juga sekaligus dalam rangka perubahan tatanan kehidupan masyarakat dan bangsa yang lebih berkeadilan.</subfield>
  </datafield>
  <datafield tag="650" ind1=" " ind2="4">
   <subfield code="a">Law Enforcement</subfield>
  </datafield>
  <datafield tag="990" ind1=" " ind2=" ">
   <subfield code="a">16608/MKRI-P/VI-2010</subfield>
  </datafield>
  <datafield tag="990" ind1=" " ind2=" ">
   <subfield code="a">16607/MKRI-P/VI-2010</subfield>
  </datafield>
  <datafield tag="990" ind1=" " ind2=" ">
   <subfield code="a">16606/MKRI-PVI-2010</subfield>
  </datafield>
  <datafield tag="990" ind1=" " ind2=" ">
   <subfield code="a">16609/MKRI-/VI-2010</subfield>
  </datafield>
  <datafield tag="990" ind1=" " ind2=" ">
   <subfield code="a">15913/MKRI-P/XII-2009</subfield>
  </datafield>
  <datafield tag="990" ind1=" " ind2=" ">
   <subfield code="a">16609/MKRI-/VI-2010</subfield>
  </datafield>
  <datafield tag="990" ind1=" " ind2=" ">
   <subfield code="a">16608/MKRI-P/VI-2010</subfield>
  </datafield>
  <datafield tag="990" ind1=" " ind2=" ">
   <subfield code="a">16607/MKRI-P/VI-2010</subfield>
  </datafield>
  <datafield tag="990" ind1=" " ind2=" ">
   <subfield code="a">16606/MKRI-PVI-2010</subfield>
  </datafield>
  <datafield tag="990" ind1=" " ind2=" ">
   <subfield code="a">15913/MKRI-P/XII-2009</subfield>
  </datafield>
  <datafield tag="990" ind1=" " ind2=" ">
   <subfield code="a">15913/MKRI-P/XII-2009</subfield>
  </datafield>
  <datafield tag="990" ind1=" " ind2=" ">
   <subfield code="a">16608/MKRI-P/VI-2010</subfield>
  </datafield>
  <datafield tag="990" ind1=" " ind2=" ">
   <subfield code="a">16607/MKRI-P/VI-2010</subfield>
  </datafield>
  <datafield tag="990" ind1=" " ind2=" ">
   <subfield code="a">16606/MKRI-PVI-2010</subfield>
  </datafield>
  <datafield tag="990" ind1=" " ind2=" ">
   <subfield code="a">16609/MKRI-/VI-2010</subfield>
  </datafield>
  <datafield tag="990" ind1=" " ind2=" ">
   <subfield code="a">16607/MKRI-P/VI-2010</subfield>
  </datafield>
  <datafield tag="990" ind1=" " ind2=" ">
   <subfield code="a">16608/MKRI-P/VI-2010</subfield>
  </datafield>
  <datafield tag="990" ind1=" " ind2=" ">
   <subfield code="a">16606/MKRI-PVI-2010</subfield>
  </datafield>
  <datafield tag="990" ind1=" " ind2=" ">
   <subfield code="a">16609/MKRI-/VI-2010</subfield>
  </datafield>
  <datafield tag="990" ind1=" " ind2=" ">
   <subfield code="a">15913/MKRI-P/XII-2009</subfield>
  </datafield>
  <datafield tag="990" ind1=" " ind2=" ">
   <subfield code="a">27077/MKRI-P/XII-2009</subfield>
  </datafield>
 </record>
</collection>
